| 000 | 00333nam a2200133Ia 4500 | ||
|---|---|---|---|
| 005 | 20251222155204.0 | ||
| 008 | 251222s9999||||xx |||||||||||||| ||spa|| | ||
| 082 | _aEDUM.88 | ||
| 100 | _aJOAN DEAN | ||
| 245 | 0 | _aSupervisión y asesoramiento manual para inspectores | |
| 250 | _a2da. ed. | ||
| 264 | _bLa Muralla. S.A | ||
| 942 | _cLIB | ||
| 999 |
_c40043 _d40043 |
||